| 000 | 00000nas 2200000zi 4500 |
| 001 | 9.506136 |
| 003 | CaOODSP |
| 005 | 20250127132236 |
| 006 | m go d f |
| 007 | cr ||||||||||| |
| 008 | 150406c20109999oncar p o f0 a0eng|d |
| 020 | |z978-1-100-16327-7 |
| 022 | |a2370-036X |
| 040 | |aCaOODSP|beng|cCaOODSP|erda |
| 043 | |an-cn--- |
| 086 | 1 |aIu93-1/2E-PDF|zIu93-1/2-2010E-PDF|zIu93-1/2-2011E-PDF|zIu93-1/2-2013E-PDF |zIu93-1/2-2014E-PDF |
| 110 | 2 |aFederal Economic Development Agency for Southern Ontario (Canada) |
| 222 | 0|aAnnual report to Parliament. Privacy Act |b(Federal Economic Development Agency for Southern Ontario (Canada)) |
| 245 | 10|aAnnual report to Parliament. |pPrivacy Act / |cFederal Economic Development Agency for Southern Ontario. |
| 264 | 1|aOttawa, Ontario : |bFederal Economic Development Agency for Southern Ontario = Agence fédérale de développement économique pour le sud de l'Ontario, |c[2010]- |
| 310 | |aAnnual |
| 336 | |atext|btxt|2rdacontent |
| 337 | |acomputer|bc|2rdamedia |
| 338 | |aonline resource|bcr|2rdacarrier |
| 362 | 1 |aBegan with: August 13, 2009 to March 31, 2010. |
| 500 | |aIssued also in French under title: Rapport annuel au Parlement. Loi sur la protection des renseignements personnels. |
| 690 | 07|aPrivacy|2gcpds |
| 775 | 08|tRapport annuel au Parlement. |w(CaOODSP)9.502538 |